000 00669nam a22002057a 4500
005 20240318145921.0
010 _aENG-139758
020 _c195.00
_a9789381830888
035 _aEN-123290
037 _bDBAD/PUB
082 _a621.319
100 _aUmadevi.K
_963502
245 _aFinite Element Analysis for Electrical Engineering/
250 _aFirst Edition
260 _aTamil Nadu
_bPallavi Sri Publications And Mass Communication Pvt. Ltd.
_c2013
270 _a194, Kanna Complex, 2nd Floor, Mettur Road, Erode
_bTamil Nadu
_e638011
300 _a170p.
_c21cm(pbk)
700 _aDr. R.Satish Kumar
_961951
942 _2ddc
_cEN
_mUma
_h621.319
999 _c201563
_d201563